Młody West - AMG Biznes (DELUXE) - Statystyki

Ogólne statystyki
  • Ten quiz został rozwiązany 3 razy
  • Średni wynik to 10 z 20
Statystyki odpowiedzi
AMG Biznes (DELUXE) % Poprawnych
AMG Biznes Anthem
100%
Billie Jean
100%
Spokojnie
100%
Spokojnie 2
100%
5 A.M in Warsaw
67%
Halloween
67%
Ledwo wstałem
67%
Ptaki
67%
Tak już bywa
67%
WTF
67%
WTF (Wenext Remix)
67%
Bez skazy
33%
Co ty o tym wiesz
33%
Nie chcę wracać (Outro)
33%
UP!
33%
Jestem Crazy
0%
Jestem ponad
0%
Krok w krok > W tłumie
0%
Od dawna
0%
Zejdź mi z drogi
0%
Nie znaleziono quizów pasujących do podanych kryteriów
Rozkład punktacji
Procent ludzi z każdym wynikiem
Percentyl według liczby udzielonych odpowiedzi
Twoja historia wyników
Nie rozwiązałeś tego quizu